Стенограмма 12-го Заседания VII Съезда Советов СССР. /Вечер/

Доступно только в Электронных читальных залах Найти на картеНа карте
RUSMARC
00004224nmc2a22002893x 450
001e973adc2-04bf-4715-a7eb-3c60109ec0d9
00520210716161344.0
100##$a20210612l1935 k y0rusy50 ca
1010#$arus
102##$aRU
105##$aa z |||||
1220#$ad19350203
2001#$aСтенограмма 12-го Заседания VII Съезда Советов СССР. /Вечер/
$j03.02.1935
215##$a85 листов
$cтабл.
251##$cДело
300##$aЗаголовок дела на папке: Стенограмма 12-го Заседания VII-го Съезда Советов Союза ССР. 3-го февраля 1935 года (вечер)
300##$aМашинописный текст с рукописными пометками
330##$aВходит в раздел описи: VII-й Съезд Советов
461#0$1001796d4672-8a00-4986-b488-6e42273792cc
$12001
$aЦЕНТРАЛЬНЫЙ ИСПОЛНИТЕЛЬНЫЙ КОМИТЕТ СССР (ЦИК СССР)
$1251
$cФонд
$1852
$j3316
$gР
462#0$10012246e4af-064a-4b66-b386-cae0ddb7fb2d
$12001
$aДела 7-го Съезда Советов и 1-й, 2-й, 3-й, 4-й Сессий 7-го созыва. 1935-1937 гг.
$vД. 39
$1251
$cОпись
$1852
$j7
5171#$aСтенограмма 12-го Заседания VII-го Съезда Советов Союза ССР. 3-го февраля 1935 года (вечер)
60101$3RU\NLR\AUTH\880357276
$aСССР
$bЦИК
6011|$3RU\NLR\AUTH\661048804
$aСССР. Съезд советов 7-й
60102$aСССР. Съезд Советов (7). Заседание (12)
801#0$aRU
$bGA_RF
801#1$aRU
$bГлавНИВЦ
$c20210612
$2rusmarc
801#2$aRU
$bПБ им. Б.Н. Ельцина
$c20210716
$gRCR
$2rusmarc
852##$aГА РФ
$j39
937##$d166278824
$hГАРФ
035##$aRuPRLIB51060504
856##$uhttp://readingroom.main.prlib.ru/item.aspx?id_node=n166278824&mode=full
Формат отображения